000 00308cam a2200133ua 4500
020 _a9789380179148
082 _a664
_bRAM/FO
100 _aRamaswamy, Arindam.
_91344
245 _aElements of Food Science
250 _a1.
260 _aJaipur:
_bOxford Book Company,
_c2010.
300 _a308.
942 _cBK
999 _c13600
_d13600